5x5 in 90: Mixed Language Minefield Blitz Quiz Stats

 Plays Quiz Updated Jul 10, 2017

Support Sporcle.
Go Orange.
Score 0/25 Timer 01:30
3 Plays Today
% Correct
???
51.6%
???
51.5%
???
51.2%
???
51.2%
???
51%
???
50.1%
???
49.9%
???
48.5%
???
46.9%
???
45.4%
???
44.6%
???
43.8%
???
43.7%
% Correct
???
43.7%
???
42.1%
???
42.1%
???
41.5%
???
41.4%
???
41%
???
40.9%
???
38.9%
???
37.9%
???
36.4%
???
33.2%
???
28.3%

You're not logged in!

Compare scores with friends on all Sporcle quizzes.
OR
Log In
Forgot?

From the Vault

MLB Most Consecutive Games with HR

by Ben

After a week of hitting home runs, does it ever get boring...no probably not.
Remove Ads.
Support Sporcle.
Get the best of Sporcle when you Go Orange. This ad-free experience offers more features, more stats, and more fun while also helping to support Sporcle. Thank you for becoming a member.

Show Comments

Extras

Top Quizzes Today


Score Distribution

Your Account Isn't Verified!

In order to create a playlist on Sporcle, you need to verify the email address you used during registration. Go to your Sporcle Settings to finish the process.

Report this User

Report this user for behavior that violates our Community Guidelines.

Details: